Interpreter's dictionary of the Bible (Record no. 19815)
[ view plain ]
| 000 -LEADER | |
|---|---|
| campo de control de longitud fija | 00753ntaaa2200193 4500 |
| 003 - IDENTIFICADOR DE NÚMERO DE CONTROL | |
| campo de control | 01 |
| 005 - FECHA Y HORA DE LA ÚLTIMA TRANSACCIÓN | |
| campo de control | 20251027202458.0 |
| 008 - DATOS DE LONGITUD FIJA--INFORMACIÓN GENERAL | |
| campo de control de longitud fija | 0714s1973 ag 01 |
| 040 ## - FUENTE DE CATALOGACIÓN | |
| Centro catalogador/agencia de origen | AR-BaBN |
| Lengua de catalogación | spa |
| Centro/agencia transcriptor | AR-BaBN |
| Normas de descripción | aacr |
| Centro/agencia modificador | RIC |
| 082 ## - NÚMERO DE LA CLASIFICACIÓN DECIMAL DEWEY | |
| Número de clasificación | 220.3000 B98 |
| 100 ## - ENTRADA PRINCIPAL--NOMBRE DE PERSONA | |
| Nombre de persona | Buttrick, George Arthur, ed. and otros |
| 9 (RLIN) | 23728 |
| 245 ## - MENCIÓN DEL TÍTULO | |
| Título | Interpreter's dictionary of the Bible |
| 250 ## - MENCION DE EDICION | |
| Mención de edición | 1 ed. |
| 260 ## - PUBLICACIÓN, DISTRIBUCIÓN, ETC. | |
| Lugar de publicación, distribución, etc. | Nashville : |
| Nombre del editor, distribuidor, etc. | Abingdon Press, |
| Fecha de publicación, distribución, etc. | 19621976sup |
| 300 ## - DESCRIPCIÓN FÍSICA | |
| Extensión | s/d4 volumes |
| 500 ## - NOTA GENERAL | |
| Nota general | An illustrated encyclopedia. Identifying and explaining all proper names and significant terms and subjects in the Bible, including Apocrypha, with attention to archaeological discoveries and researches into the life and faith of ancient times. |
| 650 ## - PUNTO DE ACCESO ADICIONAL DE MATERIA--TÉRMINO DE MATERIA | |
| Término de materia o nombre geográfico como elemento de entrada | Biblia-Diccionario |
| 942 ## - ELEMENTOS DE ENTRADA SECUNDARIOS (KOHA) | |
| Tipo de ítem Koha | Colección General |
| Estatus retirado | Estado de pérdida | Estado de daño | No para préstamo | Biblioteca de origen | Biblioteca actual | Fecha de adquisición | Número de inventario | Total de préstamos | Signatura topográfica completa | Código de barras | Visto por última vez | Precio de reemplazo | Tipo de ítem Koha |
|---|---|---|---|---|---|---|---|---|---|---|---|---|---|
| Biblioteca Pluis | Biblioteca Pluis | 27/10/2025 | 17714 | 220.3000 B98 | 17714 | 27/10/2025 | 27/10/2025 | REFERENCIA | |||||
| Biblioteca Pluis | Biblioteca Pluis | 27/10/2025 | 17715 | 17715 | 27/10/2025 | 27/10/2025 | Colección General | ||||||
| Biblioteca Pluis | Biblioteca Pluis | 27/10/2025 | 17716 | 17716 | 27/10/2025 | 27/10/2025 | Colección General | ||||||
| Biblioteca Pluis | Biblioteca Pluis | 27/10/2025 | 17717 | 17717 | 27/10/2025 | 27/10/2025 | Colección General | ||||||
| Biblioteca Pluis | Biblioteca Pluis | 27/10/2025 | 34053 | 34053 | 27/10/2025 | 27/10/2025 | Colección General | ||||||
| Biblioteca Pluis | Biblioteca Pluis | 27/10/2025 | 37134 | 37134 | 27/10/2025 | 27/10/2025 | Colección General |
